Dune Books Quiz Stats

 Plays Quiz Updated Mar 30, 2020

Support Sporcle.
Go Orange.
Score 0/19 Timer 04:00
0 Plays Today
Book % Correct
Dune
99.6%
Children of Dune
81.9%
Dune Messiah
72.6%
God Emperor of Dune
63.1%
Chapterhouse Dune
55.6%
House Harkonnen
48.1%
House Atreides
47.8%
Heretics of Dune
46.1%
House Corrino
39.2%
The Butlerian Jihad
38%
Book % Correct
Sandworms Of Dune
34.2%
Paul Of Dune
27.3%
Mentats of Dune
27.1%
Sisterhood of Dune
27.1%
The Machine Crusade
25.9%
Navigators of Dune
23.2%
Hunters of Dune
22.5%
The Battle Of Corrin
21.9%
The Winds Of Dune
19.5%

From the Vault

Six Sixes in Sixty: Literature

by skipster73

Will this have books like Slaughterhouse-6 and Around the World in 6 Days, or are we remembering those titles wrong?
Remove Ads.
Support Sporcle.
Get the best of Sporcle when you Go Orange. This ad-free experience offers more features, more stats, and more fun while also helping to support Sporcle. Thank you for becoming a member.

Show Comments

Extras

Top Quizzes Today


Score Distribution

Your Account Isn't Verified!

In order to create a playlist on Sporcle, you need to verify the email address you used during registration. Go to your Sporcle Settings to finish the process.

Report this User

Report this user for behavior that violates our Community Guidelines.

Details: